000 00669cab a2200181 4500
001 WB2643-35
008 090401t1990 xxu||||| |||| 00| 0 eng d
035 _a(Sirsi) u9354
041 _aeng
245 _aAssessment of restrictive covenant agreement
260 _c1990
350 _a0
490 _aEGCS
_v1990 120
520 _aIn Abbey Homesteads (Developments) Ltd v Northampton CC LT 11 October 1990, it was held that the pointe gourde principle should be applied in assessing compensation for land covered by restrictive covenant restricting its use for educational purposes only.
690 _aPLANNING LAW AND PRACTICE
942 _n0
948 _c04/03/1997
999 _c5830
_d5830